[Event "4NCL/Div2d/CHEDP vs. WES2"]
[Site "Hinckley Island ENG"]
[Date "2009.03.22"]
[Round "8.3"]
[White "Bellin, Robert"]
[Black "de Coverly, Roger"]
[Result "1-0"]
[WhiteElo "2389"]
[BlackElo "2078"]
[PlyCount "77"]
[EventDate "2009.03.22"]
[EventCountry "ENG"]
[SourceDate "2008.10.04"]

1. e4 c5 2. Nf3 e6 3. d4 cxd4 4. Nxd4 Nf6 5. Nc3 d6 6. g4 h6 7. Bg2 a6 8. h4
Nc6 9. Nxc6 bxc6 10. e5 Nd5 11. exd6 Qxd6 12. O-O Be7 13. Ne2 Bb7 14. c4 Nf6
15. Qxd6 Bxd6 16. Bf3 h5 17. g5 Ng4 18. Bf4 O-O-O 19. Rad1 Bc5 20. Bg3 Rhe8 21.
Nc3 e5 22. Ne4 Bd4 23. c5 Re6 24. Nd6+ Rexd6 25. cxd6 Rxd6 26. Kg2 f5 27. gxf6
gxf6 28. Rfe1 f5 29. Rxd4 Rxd4 30. Bxe5 Rd2 31. Bxg4 hxg4 32. h5 Rd3 33. Re3
Rd7 34. h6 c5+ 35. Kg3 Bd5 36. Bg7 Bg8 37. Re8+ Rd8 38. Rxg8 Rxg8 39. h7 1-0

[Event "4NCL/Div2d/CHEDP vs. WES2"]
[Site "Hinckley Island ENG"]
[Date "2009.03.22"]
[Round "8.4"]
[White "Pleasants, Allan J"]
[Black "Schuurman, Petra"]
[Result "1/2-1/2"]
[WhiteElo "2080"]
[BlackElo "2340"]
[PlyCount "124"]
[EventDate "2009.03.22"]
[EventCountry "ENG"]
[SourceDate "2008.10.04"]

1. Nf3 d5 2. c4 d4 3. g3 c5 4. b4 Nf6 5. Bg2 a5 6. bxc5 Nc6 7. O-O e5 8. e3
Bxc5 9. exd4 exd4 10. Re1+ Ne7 11. Ba3 Qd6 12. Bxc5 Qxc5 13. Re5 Qd6 14. c5 Qd8
15. Qa4+ Nd7 16. Re4 O-O 17. Qxd4 Nc6 18. Qd6 Nb4 19. Nc3 Ra6 20. Qf4 Nxc5 21.
Rd4 Qf6 22. Qxf6 Rxf6 23. Nd5 Nxd5 24. Rxd5 b6 25. Nd4 Bb7 26. Rf5 Rd6 27. Bxb7
Rxd4 28. Rd5 Rd8 29. Re1 g6 30. Rxd8+ Rxd8 31. Bc6 Rxd2 32. Rb1 Rd6 33. Bb5 Kg7
34. Re1 Kf6 35. Re8 h5 36. h4 Ne6 37. Rb8 Nd4 38. Bc4 Nf3+ 39. Kg2 Nd2 40. Bb5
Ke5 41. Rb7 f5 42. Be8 Ne4 43. Rg7 Rd2 44. Bxg6 Rxf2+ 45. Kg1 Rxa2 46. Bxh5 b5
47. Rb7 b4 48. Rb5+ Kf6 49. g4 fxg4 50. Bxg4 Ra3 51. Bd7 b3 52. h5 Kg7 53. Rb6
Nf6 54. h6+ Kxh6 55. Rxf6+ Kg5 56. Rf5+ Kh4 57. Kg2 Ra1 58. Rb5 a4 59. Rb4+ Kg5
60. Bxa4 b2 61. Rxb2 Rxa4 62. Rb8 Ra2+ 1/2-1/2

[Event "4NCL/Div2d/CHEDP vs. WES2"]
[Site "Hinckley Island ENG"]
[Date "2009.03.22"]
[Round "8.5"]
[White "Wallace, Paul A"]
[Black "Taylor-Bowd, Phil"]
[Result "1/2-1/2"]
[WhiteElo "2253"]
[BlackElo "2037"]
[PlyCount "89"]
[EventDate "2009.03.22"]
[EventCountry "ENG"]
[SourceDate "2008.10.04"]

1. e4 d6 2. d4 Nf6 3. Nc3 e5 4. Nf3 Nbd7 5. Bc4 Be7 6. O-O O-O 7. Re1 c6 8. Bf1
b5 9. a3 Bb7 10. h3 Re8 11. dxe5 dxe5 12. Bg5 Qc7 13. Nh4 h6 14. Bxf6 Nxf6 15.
Nf5 Bf8 16. Qf3 Kh7 17. Ne2 Bc8 18. Neg3 Be6 19. a4 a6 20. Bd3 Rab8 21. axb5
axb5 22. Ne3 Kg8 23. Ngf5 Bxf5 24. Nxf5 Kh7 25. g4 Be7 26. h4 g6 27. Ne3 Kg7
28. Qg3 Ra8 29. Kg2 Rh8 30. f3 Rxa1 31. Rxa1 Bc5 32. Nf1 g5 33. Qe1 Nh7 34. Ng3
Nf8 35. Nf5+ Kh7 36. Ra8 Ne6 37. Rxh8+ Kxh8 38. Nxh6 Nf4+ 39. Kh2 f6 40. Nf5
Qb6 41. Qa1 Ba3 42. Qe1 Bxb2 43. hxg5 fxg5 44. Kg3 Bc3 45. Qh1+ 1/2-1/2

[Event "4NCL/Div2d/CHEDP vs. WES2"]
[Site "Hinckley Island ENG"]
[Date "2009.03.22"]
[Round "8.6"]
[White "Tunks, Dominic"]
[Black "Edwards, Simon"]
[Result "1-0"]
[WhiteElo "1989"]
[BlackElo "2029"]
[PlyCount "47"]
[EventDate "2009.03.22"]
[EventCountry "ENG"]
[SourceDate "2008.10.04"]

1. d4 g6 2. e4 Bg7 3. Nf3 c5 4. d5 d6 5. h3 Nf6 6. Nc3 O-O 7. Bc4 Nbd7 8. O-O
Nb6 9. Be2 e6 10. a4 exd5 11. exd5 Re8 12. a5 Nbd7 13. a6 bxa6 14. Bxa6 Bxa6
15. Rxa6 Nb6 16. Bg5 Qd7 17. Qa1 Nfxd5 18. Nxd5 Nxd5 19. Rd1 Nb6 20. c3 Re2 21.
Rxb6 d5 22. Qa6 Rae8 23. Rd6 Qf5 24. Qxe2 1-0

[Event "4NCL/Div2d/CHEDP vs. WES2"]
[Site "Hinckley Island ENG"]
[Date "2009.03.22"]
[Round "8.7"]
[White "Bennett, Patrick"]
[Black "Krawczuk, Michael J"]
[Result "1-0"]
[WhiteElo "2078"]
[BlackElo "2045"]
[PlyCount "43"]
[EventDate "2009.03.22"]
[EventCountry "ENG"]
[SourceDate "2008.10.04"]

1. d4 Nf6 2. Nf3 e6 3. c4 b6 4. g3 Bb4+ 5. Bd2 Qe7 6. Bg2 Bb7 7. O-O O-O 8. Nc3
c5 9. Nb5 Na6 10. Bf4 Ne8 11. d5 exd5 12. cxd5 d6 13. Qd3 h6 14. Nh4 Bc8 15.
Nf5 Bxf5 16. Qxf5 c4 17. Qc2 Rc8 18. Nd4 Qb7 19. Nc6 b5 20. a4 Ra8 21. axb5
Qxb5 22. Qa4 1-0

[Event "4NCL/Div2d/CHEDP vs. WES2"]
[Site "Hinckley Island ENG"]
[Date "2009.03.22"]
[Round "8.8"]
[White "Daley, Eugene"]
[Black "Bellin, Christopher J"]
[Result "1-0"]
[WhiteElo "1689"]
[BlackElo "1980"]
[PlyCount "75"]
[EventDate "2009.03.22"]
[EventCountry "ENG"]
[SourceDate "2008.10.04"]

1. c4 e5 2. Nc3 Nf6 3. Nf3 Nc6 4. g3 d6 5. Bg2 Be6 6. d3 h6 7. O-O Be7 8. Rb1
O-O 9. b4 Qc8 10. b5 Nd8 11. Ne1 Bh3 12. Nc2 Bxg2 13. Kxg2 c5 14. Ne3 Ne6 15.
Ncd5 Nxd5 16. Nxd5 Bd8 17. e4 Nc7 18. Ne3 Qe6 19. Nf5 Qg6 20. f4 Re8 21. Qf3
Be7 22. Be3 Bf8 23. g4 Ne6 24. h4 exf4 25. Bxf4 Nxf4+ 26. Qxf4 Qf6 27. g5 hxg5
28. hxg5 Qe5 29. Qh4 g6 30. Rh1 Bg7 31. Nh6+ Bxh6 32. Qxh6 Qg7 33. Rbf1 Re6 34.
Rf3 f5 35. gxf6 Rxf6 36. Rxf6 Qxf6 37. Qh7+ Kf8 38. Rf1 1-0

[Event "4NCL/Div2d/BARY vs. FCA1"]
[Site "Staverton Park ENG"]
[Date "2009.05.02"]
[Round "9.1"]
[White "Chapman, Terence"]
[Black "Tippleston, Charles"]
[Result "1/2-1/2"]
[WhiteElo "2232"]
[BlackElo "2167"]
[PlyCount "69"]
[EventDate "2009.05.02"]
[SourceDate "2008.10.04"]

1. Nf3 Nf6 2. c4 b6 3. g3 Bb7 4. Bg2 c5 5. O-O e6 6. Nc3 Be7 7. b3 O-O 8. Bb2
d5 9. e3 Nbd7 10. d3 a6 11. Qe2 Qc7 12. Rfd1 Rac8 13. Rac1 Qb8 14. cxd5 Nxd5
15. Nxd5 Bxd5 16. e4 Bb7 17. h4 Bf6 18. d4 cxd4 19. Rxc8 Rxc8 20. Bxd4 Bxd4 21.
Nxd4 Rd8 22. Kh2 Nf6 23. f3 Rd7 24. Nc2 Qd8 25. Ne3 Rxd1 26. Qxd1 Qxd1 27. Nxd1
Nd7 28. Kg1 Kf8 29. Kf2 Ke7 30. Ke3 a5 31. Bf1 Kd6 32. Nb2 Kc5 33. Nd3+ Kd6 34.
Nb2 Kc5 35. Nd3+ 1/2-1/2

[Event "4NCL/Div2d/BARY vs. FCA1"]
[Site "Staverton Park ENG"]
[Date "2009.05.02"]
[Round "9.2"]
[White "Almond, Richard"]
[Black "Franklin, Samuel"]
[Result "1/2-1/2"]
[WhiteElo "2114"]
[BlackElo "2131"]
[PlyCount "105"]
[EventDate "2009.05.02"]
[SourceDate "2008.10.04"]

1. d4 Nf6 2. c4 g6 3. Nc3 Bg7 4. e4 d6 5. Nf3 O-O 6. Be2 e5 7. O-O Nc6 8. d5
Ne7 9. Ne1 Nd7 10. f3 f5 11. g4 Nf6 12. Nd3 c6 13. Be3 Kh8 14. h3 h6 15. b4 Kh7
16. Rc1 b5 17. Nf2 bxc4 18. Bxc4 f4 19. Bd2 cxd5 20. Bxd5 Nexd5 21. exd5 Qb6
22. Qb3 Bb7 23. Kg2 Qd4 24. Rfd1 Nxd5 25. Nce4 Qb6 26. Kh2 Rac8 27. Rxc8 Rxc8
28. Be1 Qb5 29. Nxd6 Qf1 30. Qd3 Ne3 31. Qxf1 Nxf1+ 32. Kg1 Ne3 33. Nxc8 Nxd1
34. Nxd1 Bxc8 35. Bc3 Bb7 36. Kf2 a6 37. Ke2 e4 38. fxe4 Bxe4 39. Bxg7 Kxg7 40.
Nf2 Bd5 41. Kd3 Bxa2 42. Ke4 g5 43. Ke5 Bc4 44. Kf5 Bb5 45. Nd1 Bd3+ 46. Ke6
Bf1 47. Nf2 Kg6 48. Ke5 h5 49. h4 hxg4 50. hxg5 g3 51. Kxf4 gxf2 52. Ke3 Kxg5
53. Kxf2 1/2-1/2

[Event "4NCL/Div2d/BARY vs. FCA1"]
[Site "Staverton Park ENG"]
[Date "2009.05.02"]
[Round "9.3"]
[White "O'Toole, George E"]
[Black "Smith, Graham"]
[Result "1-0"]
[WhiteElo "2125"]
[BlackElo "2122"]
[PlyCount "53"]
[EventDate "2009.05.02"]
[SourceDate "2008.10.04"]

1. e4 c5 2. c3 Nf6 3. e5 Nd5 4. d4 cxd4 5. cxd4 e6 6. Nc3 Nxc3 7. bxc3 Qc7 8.
Bb2 Ba3 9. Qb3 Bxb2 10. Qxb2 b6 11. Nf3 Bb7 12. Bd3 Nc6 13. O-O Na5 14. Ng5 f5
15. h4 h6 16. Nh3 O-O-O 17. h5 d6 18. exd6 Qxd6 19. Qe2 Kb8 20. Rfe1 Rhe8 21.
Rac1 Rc8 22. Rc2 Bc6 23. Qe3 Bd5 24. Qf4 Nc4 25. Rce2 Rf8 26. a4 Kb7 27. Bxc4
1-0

[Event "4NCL/Div2d/BARY vs. FCA1"]
[Site "Staverton Park ENG"]
[Date "2009.05.02"]
[Round "9.4"]
[White "Habershon, Paul"]
[Black "Sen, Subin"]
[Result "0-1"]
[WhiteElo "2081"]
[BlackElo "2069"]
[PlyCount "36"]
[EventDate "2009.05.02"]
[SourceDate "2008.10.04"]

1. e4 c5 2. Nc3 d6 3. Nf3 Nf6 4. d4 cxd4 5. Nxd4 a6 6. Be2 e5 7. Nb3 Be7 8. O-O
O-O 9. Be3 Be6 10. Qe1 b5 11. f3 Nbd7 12. Qf2 b4 13. Na4 d5 14. exd5 Nxd5 15.
Bd2 Qc7 16. c4 Nf4 17. Bxf4 exf4 18. Nd4 Nc5 0-1

[Event "4NCL/Div2d/BARY vs. FCA1"]
[Site "Staverton Park ENG"]
[Date "2009.05.02"]
[Round "9.5"]
[White "Brett, Andrew"]
[Black "Reuben, Stewart"]
[Result "1-0"]
[WhiteElo "2065"]
[BlackElo "2102"]
[PlyCount "47"]
[EventDate "2009.05.02"]
[SourceDate "2008.10.04"]

1. c4 c5 2. Nc3 Nc6 3. g3 g6 4. Bg2 Bg7 5. Nf3 Nh6 6. h4 Nf5 7. h5 d6 8. d3 O-O
9. hxg6 hxg6 10. Bg5 Be6 11. Qc1 f6 12. Bd2 Kf7 13. Ne4 Qd7 14. Bc3 Rh8 15.
Rxh8 Rxh8 16. e3 Nh6 17. Qc2 Bh3 18. Bxh3 Qxh3 19. Neg5+ fxg5 20. Nxg5+ Kg8 21.
Nxh3 Ng4 22. Ng1 Rh2 23. Qe2 Nxf2 24. Qxf2 1-0

[Event "4NCL/Div2d/BARY vs. FCA1"]
[Site "Staverton Park ENG"]
[Date "2009.05.02"]
[Round "9.6"]
[White "Borrowdale, Graham"]
[Black "Moore, John C"]
[Result "1-0"]
[WhiteElo "2035"]
[BlackElo "2063"]
[PlyCount "65"]
[EventDate "2009.05.02"]
[SourceDate "2008.10.04"]

1. c4 c6 2. d4 d5 3. Nf3 Nf6 4. Nc3 e6 5. e3 Nbd7 6. Bd3 dxc4 7. Bxc4 b5 8. Be2
Bb7 9. O-O Be7 10. e4 b4 11. e5 bxc3 12. exf6 Nxf6 13. bxc3 O-O 14. Rb1 Qc8 15.
Qb3 Ba6 16. Bxa6 Qxa6 17. Bg5 h6 18. Bxf6 Bxf6 19. Rfe1 Rab8 20. Qxb8 Rxb8 21.
Rxb8+ Kh7 22. h4 Qxa2 23. Reb1 Qc2 24. R1b7 a5 25. Ra8 Qxc3 26. h5 Qa1+ 27. Kh2
Bxd4 28. Rxf7 Bc5 29. Rd7 Qf6 30. Rdd8 g6 31. Rd7+ Be7 32. Re8 gxh5 33. Rdxe7+
1-0

[Event "4NCL/Div2d/BARY vs. FCA1"]
[Site "Staverton Park ENG"]
[Date "2009.05.02"]
[Round "9.7"]
[White "Cumming, Rhys"]
[Black "Majer, Chris E"]
[Result "0-1"]
[WhiteElo "1890"]
[BlackElo "2078"]
[PlyCount "66"]
[EventDate "2009.05.02"]
[SourceDate "2008.10.04"]

1. e4 c6 2. d4 d5 3. exd5 cxd5 4. c4 Nf6 5. Nc3 e6 6. Nf3 Bb4 7. a3 Bxc3+ 8.
bxc3 O-O 9. Bg5 Qa5 10. Qc2 Ne4 11. Be7 Re8 12. Bb4 Qc7 13. a4 Nf6 14. Ne5 Nc6
15. Nxc6 Qxc6 16. c5 Qc7 17. Be2 e5 18. O-O Bg4 19. f3 Bd7 20. Rfe1 Nh5 21. Bb5
Nf6 22. Rad1 Bc6 23. Qf2 e4 24. fxe4 Nxe4 25. Qf3 Re6 26. Rf1 Rh6 27. g3 Re8
28. Qf4 Qd7 29. c4 Rf6 30. Bxc6 Qxc6 31. Qg4 Qxa4 32. Rb1 Rxf1+ 33. Kxf1 Qc2
0-1

[Event "4NCL/Div2d/BARY vs. FCA1"]
[Site "Staverton Park ENG"]
[Date "2009.05.02"]
[Round "9.8"]
[White "Evans, Helen"]
[Black "Ynojosa, Angelica M"]
[Result "1/2-1/2"]
[WhiteElo "1745"]
[BlackElo "1751"]
[PlyCount "85"]
[EventDate "2009.05.02"]
[SourceDate "2008.10.04"]

1. e4 c5 2. Nc3 e6 3. f4 d6 4. Nf3 a6 5. g3 Nc6 6. Bg2 Qc7 7. d4 cxd4 8. Nxd4
Nf6 9. Be3 Be7 10. O-O O-O 11. g4 Nxd4 12. g5 Nxc2 13. Qxc2 Ng4 14. Bf2 Nxf2
15. Qxf2 Qc5 16. Na4 Qxf2+ 17. Rxf2 b5 18. Nb6 Rb8 19. Nxc8 Rfxc8 20. Rd2 g6
21. h4 Rc7 22. Rad1 Rbc8 23. a3 Kg7 24. Kh2 Rh8 25. Kg3 h6 26. Bf3 hxg5 27.
hxg5 Rc4 28. Bg2 Rhc8 29. Bf3 Rc2 30. Bg2 Rxd2 31. Rxd2 Rc4 32. Bf3 f6 33.
gxf6+ Kxf6 34. Kg4 e5 35. fxe5+ dxe5 36. Rh2 Rc1 37. Rg2 Bc5 38. Rd2 Bd4 39. b3
Rc3 40. Bd1 a5 41. Bc2 b4 42. axb4 axb4 43. Re2 1/2-1/2

[Event "4NCL/Div2d/WES2 vs. CELT1"]
[Site "Staverton Park ENG"]
[Date "2009.05.02"]
[Round "9.1"]
[White "Pleasants, Allan J"]
[Black "Wippermann, Till"]
[Result "0-1"]
[WhiteElo "2088"]
[BlackElo "2434"]
[PlyCount "124"]
[EventDate "2009.05.02"]
[SourceDate "2008.10.04"]

1. Nf3 c5 2. g3 g6 3. Bg2 Bg7 4. O-O Nc6 5. e4 d6 6. Re1 e5 7. c3 Nge7 8. d3
O-O 9. Be3 h6 10. d4 exd4 11. cxd4 Bg4 12. dxc5 Bxb2 13. Nbd2 Bxa1 14. Qxa1 Kh7
15. Qf6 Bxf3 16. Nxf3 Ng8 17. Qb2 b6 18. Qb5 Nge7 19. Rd1 bxc5 20. Bxc5 Qb8 21.
Qxb8 Raxb8 22. Bxd6 Rfd8 23. Bf1 Rb2 24. Bc4 Nc8 25. e5 Nxe5 26. Nxe5 Rxd6 27.
Rf1 f6 28. Nf3 Rc2 29. Bb3 Rc3 30. Kg2 Kg7 31. Re1 Kf8 32. Re4 Rc5 33. h4 Ne7
34. Rb4 Nd5 35. Rb7 a6 36. h5 gxh5 37. Nh4 Ne7 38. Ba4 f5 39. Bd7 Rcd5 40. Rb8+
Kf7 41. Be8+ Kf6 42. Bxh5 Rd8 43. Rb6+ R5d6 44. Rb7 Re6 45. Rb2 Rd4 46. Rb8 Ra4
47. Rf8+ Ke5 48. Bf7 Rf6 49. Nf3+ Kd6 50. Be8 Rxf8 51. Bxa4 f4 52. Bb3 fxg3 53.
fxg3 Nc6 54. g4 Ne5 55. Nxe5 Kxe5 56. Kg3 Rf1 57. Bc4 Rg1+ 58. Kh4 Rh1+ 59. Kg3
a5 60. a4 Kf6 61. Bb5 Kg5 62. Bd7 Rd1 0-1

[Event "4NCL/Div2d/WES2 vs. CELT1"]
[Site "Staverton Park ENG"]
[Date "2009.05.02"]
[Round "9.2"]
[White "Hoffmann, Hendrik"]
[Black "Clark, Ian C"]
[Result "1-0"]
[WhiteElo "2210"]
[BlackElo "2093"]
[PlyCount "95"]
[EventDate "2009.05.02"]
[SourceDate "2008.10.04"]

1. e4 c5 2. Nf3 d6 3. d4 cxd4 4. Nxd4 Nf6 5. Nc3 a6 6. Be3 Ng4 7. Bc1 Nf6 8. g3
g6 9. Bg2 Bg7 10. O-O O-O 11. h3 Bd7 12. Be3 Nc6 13. Nde2 Ne5 14. Rb1 Nc4 15.
Bg5 h6 16. Bf4 Kh7 17. g4 Rc8 18. b3 Na3 19. Rc1 Ne8 20. Nb1 Nxb1 21. Rxb1 b5
22. Qd2 Nc7 23. Rbc1 Ne6 24. Be3 Bc6 25. c4 bxc4 26. Rxc4 Bb5 27. Rxc8 Qxc8 28.
Rc1 Qb8 29. Nc3 Rc8 30. Nd5 Rxc1+ 31. Qxc1 Qb7 32. e5 Qb8 33. Nxe7 dxe5 34. Qc8
Qxc8 35. Nxc8 Nd4 36. Nd6 Ne2+ 37. Kh2 Bd3 38. Be4 Bxe4 39. Nxe4 f5 40. Nc5 Nc3
41. a4 a5 42. Nb7 e4 43. Kg2 Be5 44. Nxa5 f4 45. Bc5 f3+ 46. Kf1 Nd5 47. Nc4
Bb8 48. a5 1-0

[Event "4NCL/Div2d/WES2 vs. CELT1"]
[Site "Staverton Park ENG"]
[Date "2009.05.02"]
[Round "9.3"]
[White "Wilkinson, John R"]
[Black "Kemp, Peter D"]
[Result "1/2-1/2"]
[WhiteElo "2035"]
[BlackElo "2167"]
[PlyCount "75"]
[EventDate "2009.05.02"]
[SourceDate "2008.10.04"]

1. Nf3 g6 2. d4 f5 3. g3 Bg7 4. Bg2 Nf6 5. O-O O-O 6. c4 d6 7. Nc3 Qe8 8. d5 a5
9. Rb1 Bd7 10. b3 Na6 11. Bb2 c6 12. Nd4 Nc5 13. Qd2 cxd5 14. cxd5 Qf7 15. Rbd1
h6 16. h4 Nh5 17. e3 g5 18. hxg5 hxg5 19. Nce2 f4 20. exf4 gxf4 21. Nxf4 Nxf4
22. Qxf4 Qxf4 23. gxf4 Rxf4 24. Ne2 Rg4 25. Bxg7 Rxg7 26. Ng3 Rf8 27. Rfe1 Bg4
28. Rd4 Bf3 29. Re3 Bxg2 30. Kxg2 Rf6 31. Rf3 Kf7 32. Rxf6+ Kxf6 33. f4 Rh7 34.
Rd2 Rh4 35. Rd4 Rh8 36. Rd1 Rh4 37. Rd4 Rh8 38. Rd1 1/2-1/2

[Event "4NCL/Div2d/WES2 vs. CELT1"]
[Site "Staverton Park ENG"]
[Date "2009.05.02"]
[Round "9.4"]
[White "Haldane, Robin"]
[Black "Gregory, Keith D"]
[Result "1-0"]
[WhiteElo "2155"]
[BlackElo "2057"]
[PlyCount "79"]
[EventDate "2009.05.02"]
[SourceDate "2008.10.04"]

1. e4 d6 2. d4 g6 3. Nc3 Bg7 4. f4 a6 5. Nf3 e6 6. Be3 Ne7 7. Qd2 Nd7 8. O-O-O
d5 9. e5 b6 10. g4 c5 11. h4 h5 12. gxh5 Rxh5 13. Be2 Nf5 14. Bf2 Rh8 15. h5
gxh5 16. Rdg1 Bf8 17. Rg5 h4 18. Rhg1 Be7 19. Rg8+ Rxg8 20. Rxg8+ Nf8 21. Qe1
Bb7 22. Rh8 Rc8 23. Qg1 Kd7 24. Bd3 cxd4 25. Nxd4 Nxd4 26. Bxd4 Bc5 27. Na4
Bxd4 28. Qxd4 Rc6 29. Qb4 Qe7 30. Nxb6+ Ke8 31. Qxe7+ Kxe7 32. Na4 Rc7 33. Nc3
Bc6 34. Rxh4 a5 35. Ne2 Rb7 36. Nd4 Bd7 37. c3 a4 38. Kc2 Rb8 39. f5 exf5 40.
Nxf5+ 1-0

[Event "4NCL/Div2d/WES2 vs. CELT1"]
[Site "Staverton Park ENG"]
[Date "2009.05.02"]
[Round "9.5"]
[White "Buchkremer, Felix"]
[Black "Mueller, Jan"]
[Result "0-1"]
[WhiteElo "2076"]
[BlackElo "2118"]
[PlyCount "88"]
[EventDate "2009.05.02"]
[SourceDate "2008.10.04"]

1. e4 c5 2. c3 d5 3. exd5 Qxd5 4. d4 Nc6 5. Nf3 Bg4 6. dxc5 Qxc5 7. Be3 Qd6 8.
Qxd6 exd6 9. Na3 O-O-O 10. Nb5 b6 11. Nfd4 Nge7 12. h3 Be6 13. Be2 Kb7 14. O-O
a6 15. Nxc6 Nxc6 16. Nd4 Nxd4 17. Bxd4 d5 18. Rad1 Be7 19. f4 Bf5 20. Bf3 f6
21. Rfe1 Rhe8 22. Bf2 Be4 23. c4 Bb4 24. Bxe4 dxe4 25. Rxd8 Rxd8 26. Rxe4 Rd1+
27. Kh2 Rd2 28. a3 Bd6 29. Bd4 f5 30. Bc3 Rd3 31. Rd4 Rxd4 32. Bxd4 Bxf4+ 33.
g3 Bh6 34. Kg2 g6 35. Kf3 Kc6 36. b4 b5 37. c5 Bc1 38. Bc3 Bxa3 39. Kf4 Bc1+
40. Ke5 a5 41. bxa5 Kxc5 42. Bd4+ Kc6 43. Kf6 b4 44. h4 Bd2 0-1

[Event "4NCL/Div2d/WES2 vs. CELT1"]
[Site "Staverton Park ENG"]
[Date "2009.05.02"]
[Round "9.6"]
[White "Pedersen, Carsten"]
[Black "Taylor-Bowd, Phil"]
[Result "1/2-1/2"]
[WhiteElo "2167"]
[BlackElo "2037"]
[PlyCount "54"]
[EventDate "2009.05.02"]
[SourceDate "2008.10.04"]

1. e4 c6 2. Nc3 d5 3. Nf3 Bg4 4. h3 Bxf3 5. Qxf3 e6 6. d3 Nf6 7. Bd2 Nbd7 8.
Qe2 Qc7 9. g3 Bb4 10. a3 Be7 11. Bg2 O-O 12. O-O dxe4 13. dxe4 e5 14. Nd1 Nc5
15. Bc3 Na4 16. Bb4 Nc5 17. Ne3 Rfe8 18. Nf5 Bf8 19. Qe3 Ne6 20. Bc3 Bc5 21.
Qe2 Rad8 22. Rad1 g6 23. Rxd8 Rxd8 24. Nh6+ Kg7 25. Ng4 Nxg4 26. Qxg4 h5 27.
Qf3 Nd4 1/2-1/2

[Event "4NCL/Div2d/WES2 vs. CELT1"]
[Site "Staverton Park ENG"]
[Date "2009.05.02"]
[Round "9.7"]
[White "Coburn, Joe"]
[Black "Thomas, Robert K"]
[Result "1/2-1/2"]
[WhiteElo "1950"]
[BlackElo "2155"]
[PlyCount "70"]
[EventDate "2009.05.02"]
[SourceDate "2008.10.04"]

1. d4 e6 2. e4 d5 3. e5 c5 4. c3 Bd7 5. Bd3 Qb6 6. Nf3 Bb5 7. O-O Bxd3 8. Qxd3
a5 9. a4 Qa6 10. Qxa6 Nxa6 11. Be3 Ne7 12. Na3 Nc6 13. Nb5 cxd4 14. Bxd4 Be7
15. Bb6 O-O 16. Rfe1 Nc5 17. Bxc5 Bxc5 18. Nfd4 Rae8 19. Nc7 Re7 20. Ncb5 f6
21. Nxc6 bxc6 22. Nd4 Bxd4 23. cxd4 Rb8 24. Rac1 Rxb2 25. Rxc6 Rb4 26. exf6
gxf6 27. g3 Rxa4 28. Rexe6 Rxe6 29. Rxe6 Kf7 30. Ra6 Kg6 31. Kg2 Kf5 32. f3
Ra2+ 33. Kh3 Rd2 34. Rxa5 Rxd4 35. Ra2 Rd3 1/2-1/2

[Event "4NCL/Div2d/WES2 vs. CELT1"]
[Site "Staverton Park ENG"]
[Date "2009.05.02"]
[Round "9.8"]
[White "Owens, Megan"]
[Black "Daley, Eugene"]
[Result "1/2-1/2"]
[WhiteElo "1738"]
[BlackElo "1689"]
[PlyCount "128"]
[EventDate "2009.05.02"]
[SourceDate "2008.10.04"]

1. d4 Nf6 2. c4 g6 3. Nc3 Bg7 4. Nf3 d6 5. e4 O-O 6. Be2 e5 7. dxe5 dxe5 8.
Qxd8 Rxd8 9. Bg5 Re8 10. Bxf6 Bxf6 11. Nd5 Bd8 12. Rd1 c6 13. Nc3 f6 14. a3 Be6
15. b4 Nd7 16. O-O Be7 17. Nd2 a5 18. c5 axb4 19. axb4 Ra3 20. Ndb1 Raa8 21.
Rd2 b6 22. cxb6 Bxb4 23. Rb2 Ba5 24. Na4 Reb8 25. Na3 Bxb6 26. Nxb6 Rxb6 27.
Nc4 Rxb2 28. Nxb2 Ra2 29. Rb1 Bb3 30. Bc4+ Bxc4 31. Nxc4 Ra4 32. Nd2 Rd4 33.
Rb2 c5 34. Kf1 c4 35. Rc2 Nb6 36. f3 Kf7 37. Ke2 Ke7 38. Nb1 Kd6 39. Nd2 Kc6
40. Nb3 Rd7 41. Nd2 Kb5 42. Nb1 Rd3 43. Nd2 Rd4 44. Rb2+ Ka5 45. Nb1 Na4 46.
Rb8 Rd6 47. Nd2 Rc6 48. Kd1 Nb6 49. Kc2 Kb4 50. Rb7 h5 51. h3 h4 52. Rh7 c3 53.
Nf1 Nc4 54. Rb7+ Ka4 55. Ra7+ Kb5 56. Rb7+ Rb6 57. Rxb6+ Kxb6 58. Kxc3 Kc5 59.
g3 hxg3 60. Nxg3 Ne3 61. h4 Ng2 62. h5 gxh5 63. Nxh5 Nh4 64. Nxf6 Nxf3 1/2-1/2

[Event "4NCL/Div2d/ANGA vs. CHEDP"]
[Site "Staverton Park ENG"]
[Date "2009.05.02"]
[Round "9.1"]
[White "Talsma, Paul A"]
[Black "Arkell, Keith"]
[Result "0-1"]
[WhiteElo "2263"]
[BlackElo "2517"]
[PlyCount "94"]
[EventDate "2009.05.02"]
[SourceDate "2008.10.04"]

1. d4 Nf6 2. c4 e6 3. Nc3 Bb4 4. a3 Bxc3+ 5. bxc3 Ne4 6. e3 f5 7. Ne2 b6 8. f3
Nf6 9. Ng3 Bb7 10. Bd3 O-O 11. O-O Nc6 12. Ra2 Na5 13. e4 Ba6 14. exf5 Bxc4 15.
Re2 exf5 16. Nxf5 Nd5 17. Re5 c6 18. Bg5 Qxg5 19. Ne7+ Qxe7 20. Rxe7 Bxd3 21.
Rfe1 Nxe7 22. Rxe7 Bc4 23. Qe1 Be6 24. Qe5 Rf7 25. Rxf7 Kxf7 26. Qc7 h6 27. Kf2
Nc4 28. a4 a5 29. h4 Re8 30. g4 Kg8 31. h5 Rf8 32. Kg3 Nd2 33. f4 Ne4+ 34. Kh4
Nxc3 35. f5 Bd5 36. Qxb6 Nxa4 37. Qxa5 Nb2 38. g5 hxg5+ 39. Kxg5 Rf6 40. Qd8+
Kh7 41. Qxd7 Nc4 42. Qe7 Nd6 43. Kg4 Nxf5 44. Qe5 Nh6+ 45. Kh4 Rf3 46. Qe1 Rf4+
47. Kh3 Nf5 0-1

[Event "4NCL/Div2d/ANGA vs. CHEDP"]
[Site "Staverton Park ENG"]
[Date "2009.05.02"]
[Round "9.2"]
[White "Bellin, Robert"]
[Black "Spence, David"]
[Result "1-0"]
[WhiteElo "2389"]
[BlackElo "2237"]
[PlyCount "85"]
[EventDate "2009.05.02"]
[SourceDate "2008.10.04"]

1. Nf3 Nf6 2. d4 e6 3. e3 b6 4. Bd3 Bb7 5. O-O Be7 6. Nbd2 d5 7. b3 O-O 8. Bb2
c5 9. Qe2 Nc6 10. a3 Rc8 11. dxc5 Bxc5 12. b4 Be7 13. Rfd1 Qc7 14. e4 dxe4 15.
Nxe4 Ng4 16. Ng3 g6 17. Nd4 Nf6 18. Nb5 Qf4 19. Ne4 Nxe4 20. Bxe4 a6 21. Rd7
Ba8 22. g3 Qb8 23. Na7 Nxa7 24. Bxa8 Bg5 25. Bb7 Rcd8 26. Be5 Rxd7 27. Bxb8
Rxb7 28. Bd6 Rd8 29. Qxa6 Rbd7 30. Be5 Nc6 31. Bc3 Ne7 32. h4 Nd5 33. Be5 Bf6
34. Bxf6 Nxf6 35. Qxb6 Rc8 36. a4 Rxc2 37. a5 Ne4 38. Qb8+ Kg7 39. Qe5+ Nf6 40.
a6 Rd5 41. Qe1 Ng4 42. a7 Ne5 43. Qe4 1-0

[Event "4NCL/Div2d/ANGA vs. CHEDP"]
[Site "Staverton Park ENG"]
[Date "2009.05.02"]
[Round "9.3"]
[White "Player, Edmund C"]
[Black "Grooten, Herman"]
[Result "1-0"]
[WhiteElo "2132"]
[BlackElo "2344"]
[PlyCount "123"]
[EventDate "2009.05.02"]
[SourceDate "2008.10.04"]

1. e4 c5 2. Nc3 e6 3. g3 Nc6 4. Bg2 g6 5. d3 Bg7 6. Be3 Nd4 7. Nh3 Ne7 8. O-O
O-O 9. Qd2 d6 10. Bh6 Bxh6 11. Qxh6 f6 12. Qd2 Qb6 13. Nd1 e5 14. Kh1 Bxh3 15.
Bxh3 f5 16. f4 exf4 17. gxf4 fxe4 18. dxe4 Qb5 19. Rf2 Qc6 20. c3 Ndf5 21. Re2
Rad8 22. Nf2 Ng7 23. Bg2 Nh5 24. Nh3 Qc8 25. f5 Ng7 26. Qh6 Ne8 27. Ng5 Nf6 28.
Ne6 Rf7 29. Nxd8 Qxd8 30. Bh3 Kh8 31. Rd1 Qc7 32. Qf4 gxf5 33. Bxf5 Ne8 34. Rg2
Qc6 35. Rdg1 Ng7 36. Qg5 d5 37. Qh4 h5 38. Bg6 Qf6 39. Qxf6 Rxf6 40. e5 Rf4 41.
Rg5 d4 42. Bc2 Rg4 43. R5xg4 hxg4 44. Rxg4 Nc6 45. cxd4 cxd4 46. Ba4 Nxe5 47.
Rxd4 a6 48. Rd8+ Kh7 49. Bc2+ Kh6 50. Rb8 b5 51. Rb6+ Kg5 52. Rxa6 Kf4 53. Rb6
Ng4 54. Rxb5 Ne3 55. Bd3 Ne6 56. a4 Kf3 57. Re5 Nf4 58. Rxe3+ Kxe3 59. Bb5 Kd4
60. h4 Kc5 61. Kh2 Nd5 62. Kg3 1-0